Les longs métrages DreamWorks (dessins animés) - Statistiques

Statistiques générales
  • Ce quiz a été pris 723 fois
  • Le résultat moyen est 14 sur 32
Statistiques - réponses
Année de sortie Titre % Correct
2001  Shrek
91%
2004  Shrek 2
91%
2010  Shrek 4
91%
2007  Shrek le troisième
91%
2005  Madagascar
64%
2008  Madagascar 2
64%
2012  Madagascar 3
64%
2010  Dragons
62%
2014  Dragons 2
62%
2008  Kung Fu Panda
58%
2011  Kung Fu Panda 2
58%
2011  Le Chat potté
42%
2004  Gang de requins
39%
1998  Fourmiz
36%
2010  Megamind
36%
2002  Spirit, l'étalon des plaines
33%
2012  Les Cinq Légendes
32%
1998  Le Prince d'Égypte
30%
2007  Bee Movie : Drôle d'abeille
29%
2000  La Route d'Eldorado
29%
2006  Nos voisins, les hommes
29%
2014  Les Pingouins de Madagascar
27%
2013  Turbo
26%
2015  En route !
24%
2009  Monstres contre Aliens
24%
2013  Les Croods
23%
2000  Chicken Run
22%
2006  Souris City
21%
2003  Sinbad : La Légende des sept mers
20%
2005  Wallace et Gromit : Le Mystère du lapin-garou
17%
2014  M. Peabody et Sherman : Les Voyages dans le temps
15%
2001  Joseph, le roi des rêves
13%
Aucun quiz correspondant
Distribution des résultats
% des personnes avec chaque résultat
Percentile par nombre de réponses
Votre historique - résultats
Vous n’avez pas pris ce quiz